000 01107cam a2200325 a 4500
001 2671
003 BD-DhEWU
005 20181224020002.0
008 980514s1999 ii a bi 001 0 eng
010 _a 98024796
020 _a0073661120 (student ed. : alk. paper)
020 _a0073661139 (instructor's ed. : alk. paper)
020 _a0071158561 (international ed. : alk. paper)
035 _a(DLC) 98024796
040 _aDLC
_cDLC
_dDLC
_dBD-DhEWU
_beng
041 _aeng
050 0 0 _aTS155
_b.S7824 1999
082 0 0 _a658.5
_222
_bSTP 1999
100 1 _aStevenson, William J.
_93565
245 1 0 _aProduction/operations management /
_cWilliam J. Stevenson.
250 _a6th ed.
260 _aBoston :
_aNew Delhi :
_bIrwin/McGraw-Hill,
_cc1999.
300 _axvi, 912 p. :
_bill. (some col.) ;
_c29 cm. +
500 _aIncluded in an envelope a card containing the password to the web Online Learning Center.
504 _aIncludes bibliographical references and index.
526 _aBA
590 _aShaharima Parvin
650 0 _aProduction management.
_911486
942 _2ddc
_cTEXT
_031
999 _c2671
_d2671